00908cam a2200229 i 450000100060000000300080000600500170001400800390003103500190007004000320008904100080012108200230012910000230015224500790017526001520025430000290040650400300043565100410046565100410050665100370054771000940058427377BD-RjUL20211209051140.0140325s1978 nyua b 000 0 eng a(BD-RjUL)27450 aDLCcDLCdDLCdBD-RjULbeng aeng00a309.1679bISL 19781 aIsaacman, Allen F.12aA luta continua :bcreating a new society in Mozambique /cAllen Isaacman. aBinghamton, N.Y. :bFernand Braudel Center for the Study of Economies, Historical Systems, and Civilizations, State University of New York,cc1978. a131 p. :bill. ;c22 cm. aBibliography: p. 130-131. 0aMozambiquexSocial conditionsy1975- 0aMozambiquexPolitics and government. 0aMozambiquexEconomic conditions.2 aFernand Braudel Center for the Study of Economies, Historical Systems, and Civilizations.